000 00361nam a22001457a 4500
003 macl
005 20190811160136.0
008 190811b xxu||||| |||| 00| 0 eng d
040 _cmacl
100 _aSamanta , Amiya K
_976224
245 _aAlipore Bomb Trial 1908- 1910
260 _aKolkata
_bFrontpage
_c2017
650 _aHistory
_976225
942 _2ddc
_cBK
999 _c60728
_d60728